|
|
|
|
| LEADER |
00000nab a2200000 a 4500 |
| 001 |
vtls000591646 |
| 003 |
SK-MaSNL |
| 005 |
20260304093115.0 |
| 008 |
250425c1996 xo 0 slo |
| 015 |
|
|
|a SNBRB19rr/mm-uuuuu
|
| 035 |
|
|
|a CL0591785
|
| 035 |
|
|
|a urn:nbn:sk:snk-abffq
|
| 035 |
|
|
|a (urnnbn)urn:nbn:sk:snk:ar-a03f7u
|
| 035 |
|
|
|a (uuid)cfc8efa1-2667-4254-84b5-d385097d39cb
|
| 040 |
|
|
|a SNKBUCL
|b slo
|c SNKBUCL
|e AACR2
|
| 041 |
0 |
|
|a cze
|
| 044 |
|
|
|a xo
|c SK
|
| 080 |
|
|
|a 616.2-053.2
|2 1981
|
| 100 |
1 |
|
|a Švejcar, Josef,
|d 1897-1997
|4 aut
|9 182719
|
| 245 |
1 |
0 |
|a Specifická léčba akutních onemocnění respiračního traktu u dětí
|c Josef Švejcar
|
| 500 |
|
|
|a Článok bol uverejnený v Bratislavských lekárskych listoch, 5, 1926, s. 2
|
| 650 |
0 |
7 |
|a choroby dýchacích ústrojov
|2 snkbucl
|9 80832
|
| 655 |
|
7 |
|a články z novín a časopisov
|2 snkbucl
|9 267496
|
| 773 |
0 |
|
|t Bratislavské lekárske listy
|g Roč. 97, č. 6 (1996), s. 374
|x 0006-9248
|
| 850 |
|
|
|a Slovenská národná knižnica
|
| 852 |
|
|
|a Slovenská národná knižnica
|
| 954 |
|
|
|a odborná, vedecká literatúra cudzojazyčná (svetová)
|2 lita
|
| 958 |
|
|
|a article27
|
| 958 |
|
|
|a RK
|
| 958 |
|
|
|a MI
|
| 958 |
|
|
|a OND
|
| 958 |
|
|
|a EUIPO
|
| 992 |
|
|
|a RBX
|
| 999 |
|
|
|c 2821644
|d 2823574
|